000 00732nam a2200241 a 4500
999 _c6448
_d6448
003 PK-NaQUE
005 20260305095333.0
008 260305b ||||| |||| 00| 0 eng d
020 _a0073516775 (paperback)
020 _a9780073516776 (paperback)
040 _cQUEST
100 1 _aWilliams, Brian K.
245 1 0 _aUsing Information Technology: a practical introduction to computers & communications
250 _a9th ed.
260 _a[S.l.] :
_bMcGraw-Hill/Irwin,
_c2010.
300 _a608 p. ;
650 _aInformation technology
650 _aComputers
650 _aTelecommunication systems
700 _aSawyer, Stac
856 _uhttp://10.10.170.122:8080/browse/book/24519
_yDownload eBook
942 _cBK
_2ddc